Plantes Exotiques Envahissantes - Statistiques

Statistiques générales
  • Ce quiz a été pris 42 fois
  • Le résultat moyen est 4 sur 16
Statistiques - réponses
Par images Réponse % Correct
Herbe de la pampa
63%
Buddleia de David
50%
Jussie(s)
50%
Renouée(s) asiatiques
50%
Berce du Caucase
44%
Griffes de sorcière
25%
Balsamine de l'Himalaya
19%
Myriophylle du Brésil
19%
Azolle fausse-fougère
13%
Crassule de Helms
13%
Égérie dense
13%
Grand lagarosiphon
13%
Hydrocotyle fausse-renoncule
13%
Ailanthe glanduleux
6%
Baccharis à feuilles d'arroche
6%
Élodée de Nuttall
6%
Aucun quiz correspondant
Distribution des résultats
% des personnes avec chaque résultat
Percentile par nombre de réponses
Votre historique - résultats
Vous n’avez pas pris ce quiz